Partecipazioni in Serie A - Morte improvvisa - Statistics

Statistiche generali
  • Questo quiz è stato fatto 333 volte
  • Il punteggio medio è 9 su 15
Answers on the Grid
Answers color-coded by a green-red scale on the quiz's grid according to % correct below.
Inter
Juventus
Roma
Milan
Fiorentina
Lazio
Torino
Napoli
Bologna
Sampdoria
Atalanta
Genoa
Udinese
Cagliari
Hellas Verona
Bari
Palermo
Triestina
SPAL
Livorno
Chievo
Ascoli
Como
Alessandria
Modena
Perugia
Foggia
Avellino
Siena
Lucchese
 
Statistiche sulle risposte
Risposta % Corretto
Juventus
71%
Bologna
66%
Inter
66%
Napoli
66%
Torino
66%
Roma
65%
Lazio
64%
Milan
64%
Fiorentina
63%
Genoa
63%
Cagliari
60%
Atalanta
56%
Udinese
56%
Sampdoria
55%
Hellas Verona
53%
Nessun quiz corrispondente trovato
Distribuzione punteggi
Percentuale di utenti per punteggio
Percentile per numero di risposta
I tuoi punteggi nel tempo
Non hai fatto questo quiz